000 00877nam a22002417a 4500
001 32466
003 UA-OsUOA
005 20220710180258.0
007 ta
008 20050203b un ||||| |||| 00| 0 ukr d
020 _a5-7260-0716-6
040 _aUA-OsUOA
_brus
_cUA-OsUOA
_dUA-OsUOA
041 _arus
044 _aRU
080 _a336.22
090 _a336.22
_bН-23
245 _aНалоги в России. Федеральные налоги. Налог на прибыль предприятий и организаций
_bсборник нормативных документов
_cсост. Ю. А. Агешин, О. М. Козырь, Н. А. Сыроедов ; отв. ред. М. И. Ходорович
260 _aМосква
_bЮридическая литература
_c1994
300 _a320 с.
650 7 _2UDC
942 _cBK
_2udc
955 _a0
999 _c318910
_d318910